Języki Świata - Statystyki

Ogólne statystyki
  • Ten quiz został rozwiązany 81 razy
  • Średni wynik to 16 z 18
Statystyki odpowiedzi
Podpowiedz Odpowiedz % Poprawnych
Francja Francuski
100%
Hiszpania Hiszpański
100%
Polska Polski
100%
Stany Zjednoczone Angielski
95%
Wielka Brytania Angielski
95%
Grecja Grecki
95%
Niemcy Niemiecki
95%
Portugalia Portugalski
95%
Rosja Rosyjski
95%
Włochy Włoski
95%
Turcja Turecki
93%
Korea Północna Koreański
92%
Australia Angielski
91%
Brazylia Portugalski
91%
Meksyk Hiszpański
89%
Egipt Arabski
82%
Angola Portugalski
62%
Haiti Francuski
49%
Nie znaleziono quizów pasujących do podanych kryteriów
Rozkład punktacji
Procent ludzi z każdym wynikiem
Percentyl według liczby udzielonych odpowiedzi
Twoja historia wyników
Nie rozwiązałeś tego quizu